Biblioteca

El billete paseador (Registro nro. 68325)

Detalles MARC
000 -LÍDER
Campo fijo de descripción fija 00622nam a2200217 i 4500
001 - NÚMERO DE CONTROL
Campo de control BINCO
003 - IDENTIFICADOR DEL NÚMERO DE CONTROL
Campo de control CO-MdBIC
005 - FECHA Y HORA DE LA ULTIMA TRANSACCIÓN
control field 20221101170902.0
008 - ELEMENTOS DE LONGITUD FIJA -- INFORMACIÓN GENERAL
Campo fijo de descripción fija -- Información general 221101b2017 cfka|||| |||| 00| 0 spa d
020 ## - NÚMERO INTERNACIONAL NORMALIZADO PARA LIBROS
Número Internacional Normalizado del libro 9789585863576
040 ## - FUENTE DE CATALOGACIÓN
Agencia de catalogación original CO-MdBIC
Idioma de catalogación spa.
Agencia que realiza la transcripción CO-MdBIC
Agencia que realiza la modificación CO-MdBIC
041 ## - CÓDIGO DE IDIOMA
Código de idioma para texto/pista de sonido o título separado spa
082 ## - NÚMERO DE CLASIFICACIÓN DECIMAL DEWEY
Número de la edición del Dewey 22
Número de clasificación 863
Clave de autor-Numero de item AN561
110 ## - ASIENTO PRINCIPAL--NOMBRE CORPORATIVO
Unidad subordinada Confiar Cooperativa Financiera
245 3# - TÍTULO
Título del Material El billete paseador
264 ## - PRODUCCIÓN, PUBLICACIÓN, DISTRIBUCIÓN, MANUFACTURA, Y COPYRIGHT
Lugar de producción, publicación, distribución, manufactura Medellín:
Nombre del productor, publicador, distribuidor Confiar Cooperativa Financiera;
Fecha de producción, publicación, distribución, manufactura, o copyright ©2017
300 ## - DESCRIPCIÓN FÍSICA
Extensión 15 Páginas:
Otros detalles físicos Ilustraciones a color;
Dimensiones 10,5cm.
490 ## - MENCIÓN DE SERIE
Mención de serie Confiar en la cultura
650 ## - ASIENTO SECUNDARIO DE MATERIA - TERMINO TEMÁTICO
Subdivisión general Circulación del dinero
942 ## - TIPO DE MATERIAL (KOHA)
Tipo de Item KOHA Z- Libro General BINCO
Existencias
Estado de Material Estado de Perdido Forma de Clasificación Estado de Dañado No para Préstamo Colección Biblioteca de Origen Biblioteca Permanente Fecha de Adquisición Área Total de Préstamos Signatura Topográfica Código de Barras Última vez visto Fecha de Remplazo Tipo de Material
    Dewey Decimal Classification     Colección General Biblioteca Infantil Comunitaria BINCO Biblioteca Infantil Comunitaria BINCO 01/11/2022 BINCO   863 AN561 B33162 01/11/2022 01/11/2022 Z- Libro General BINCO

Biblioteca FUSBC | Teléfono: (57+4) 349 88 10 Ext. 141| WhatsApp (+57) 3005338115 
E-mail: biblioteca@unisbc.edu.co | Calle 76 87-14 Robledo Palenque, Medellín, Colombia

Con tecnología Koha